00957nam a22002297a 4500003000900000005001700009008004100026020001800067040002500085082001400110245009700124260003300221300003000254500016000284590002700444700003100471710006900502910001400571942001300585952011200598999001700710DO-SdBNP20250221073755.0100407s2016 dr d 000 0 spa d a9789945901290 aDO-SdBNPbspacBNPHU axxxbxxxx00aPerfiles estadísticos provinciales : bprovincia La Romana /cpresentación Pablo Tactuk. aSanto Domingo :bONE,c2016. a30 p. :bdiagr. ;c28 cm. aEsta publicación cuenta con el apoyo del Fondo de las Naciones Unidas para la infancia (UNICEF) y el Fondo de Población de las Naciones Unidas (UNFPA). aInventariado, 2022/ YL aTactuk, Pabloepres.957741 aRepública Dominicana.bOficina Nacional de Estadística95775 aYLockward 2ddccLF1 00102ddc53708MOaBNPHUbBNPHUcCTd2019-12-13eONEl0oxxx xxxxp2022-1461r2022-04-20w2022-04-20yLF1 c51549d51549